Instalaciones eléctricas para proyectos y obras
Gespeichert in:
| Hauptverfasser: | , |
|---|---|
| Format: | Buch |
| Sprache: | Spanisch |
| Veröffentlicht: |
Madrid
Paraninfo
1993
|
| Ausgabe: | 2a. ed |
| Schlagworte: | |
| Tags: |
Tag hinzufügen
Keine Tags, Fügen Sie den ersten Tag hinzu!
|
MARC
| LEADER | 00000nam a2200000 a 4500 | ||
|---|---|---|---|
| 001 | UCT5593 | ||
| 003 | CL-VaPUC | ||
| 008 | 961216e19930000SP |||||||||||||||||spa|d | ||
| 082 | 0 | 4 | |a 621.312 |b LOP |2 21 |
| 100 | |a López López, Antonio |e autor |9 471162 | ||
| 700 | 0 | |a Guerrero Strachan, Jesús |e author |9 471163 | |
| 245 | 1 | 0 | |a Instalaciones eléctricas para proyectos y obras |
| 250 | |a 2a. ed | ||
| 300 | |a 285 p | ||
| 942 | |c BK | ||
| 945 | |d 19961216 00:00:00 |a nastorga | ||
| 260 | |a Madrid |b Paraninfo |c 1993 | ||
| 650 | 7 | |a INSTALACIONES ELECTRICAS |2 CL-VaPUC |9 262736 | |
| 650 | 0 | |a Ingeniería eléctrica |9 260573 | |
| 650 | 0 | |a Transformadores |9 345471 | |
| 650 | 7 | |a CONECCIONES |2 CL-VaPUC |9 471164 | |
| 650 | 7 | |a CONDUCTORES |2 CL-VaPUC |9 327717 | |
| 650 | 0 | |a Edificios |9 260501 | |
| 650 | 0 | |a Vivienda |9 258662 | |
| 650 | 0 | |a Circuitos eléctricos |9 260262 | |
| 583 | |a last modification |c 19961216 00:00:00 |k Rodrigo Vera | ||
| 999 | |c 301249 |d 301247 | ||